MCAD/MCSD self-paced training kit. (Record no. 566)
[ view plain ]
| 000 -LEADER | |
|---|---|
| fixed length control field | 01297nac a22002531u 4500 |
| 010 ## - LIBRARY OF CONGRESS CONTROL NUMBER | |
| LC control number | 2003042220 |
| 020 ## - INTERNATIONAL STANDARD BOOK NUMBER | |
| International Standard Book Number | 0735619271 |
| 020 ## - INTERNATIONAL STANDARD BOOK NUMBER | |
| International Standard Book Number | 8120323467 |
| 082 00 - DEWEY DECIMAL CLASSIFICATION NUMBER | |
| Classification number | 005.2768 |
| Item number | W3651 |
| 090 ## - LOCALLY ASSIGNED LC-TYPE CALL NUMBER (OCLC); LOCAL CALL NUMBER (OCLC) | |
| -- | 566 |
| -- | 566 |
| 100 ## - MAIN ENTRY--PERSONAL NAME | |
| Personal name | Webb, Jeff, |
| 245 10 - TITLE STATEMENT | |
| Title | MCAD/MCSD self-paced training kit. |
| Name of part/section of a work | Developing Web applications with Microsoft Visual BASIC .NET and Microsoft Visual C |
| -- | .NET : exams 70-305 and 70-315 / |
| Statement of responsibility, etc | Microsoft Corporation with Jeff Webb. |
| 246 30 - VARYING FORM OF TITLE | |
| Title proper/short title | Developing Web applications with Microsoft Visual Basic .NET and Microsoft Visual C |
| -- | .NET |
| 250 ## - EDITION STATEMENT | |
| Edition statement | 2nd ed. |
| 260 ## - PUBLICATION, DISTRIBUTION, ETC. (IMPRINT) | |
| Place of publication, distribution, etc | New Delhi : |
| Name of publisher, distributor, etc | Prentice Hall of India, |
| Date of publication, distribution, etc | 2003. |
| 300 ## - PHYSICAL DESCRIPTION | |
| Extent | xxxii, 828 p. : |
| Other physical details | ill. ; |
| Dimensions | 24 cm. + |
| Accompanying material | 1 CD-ROM (4 3/4 in.) |
| 500 ## - GENERAL NOTE | |
| General note | .NET : exams 70-305 and 70-315 / Microsoft. c2002. |
| -- | Rev. ed. of: MCAD/MCSD self-paced training kit. Developing Web applications with Microsoft Visual Basic .NET and Microsoft Visual C |
| 650 #0 - SUBJECT ADDED ENTRY--TOPICAL TERM | |
| Topical term or geographic name as entry element | Electronic data processing personnel |
| General subdivision | Certification. |
| 650 #0 - SUBJECT ADDED ENTRY--TOPICAL TERM | |
| Topical term or geographic name as entry element | Microsoft software |
| General subdivision | Examinations |
| Form subdivision | Study guides. |
| 650 #0 - SUBJECT ADDED ENTRY--TOPICAL TERM | |
| Topical term or geographic name as entry element | Microsoft .NET Framework. |
| 710 2# - ADDED ENTRY--CORPORATE NAME | |
| Corporate name or jurisdiction name as entry element | Microsoft Corporation. |
| 942 ## - ADDED ENTRY ELEMENTS (KOHA) | |
| Item type | Book - Borrowing |
| Call number prefix | 005.2768W3651 |
| Withdrawn status | Item status | Source of classification or shelving scheme | Damaged status | Not for loan | Vendor | Home library | Current library | Shelving location | Date acquired | Source of acquisition | Cost, normal purchase price | Total Checkouts | Full call number | Barcode | Date last seen | Cost, replacement price | Koha item type |
|---|---|---|---|---|---|---|---|---|---|---|---|---|---|---|---|---|---|
| Dewey Decimal Classification | Central Library | Central Library | Lower Floor | 18/09/2007 | 280.00 | 005.2768 WEB | 000004050 | 15/07/2025 | 350.00 | Book - Borrowing |